Business and administrative communication / (Record no. 344511)
[ view plain ]
| 000 -LEADER | |
|---|---|
| fixed length control field | 01629 a2200181 4500 |
| 020 ## - INTERNATIONAL STANDARD BOOK NUMBER | |
| International Standard Book Number | 0071177221 |
| 020 ## - INTERNATIONAL STANDARD BOOK NUMBER | |
| International Standard Book Number | 9780071177221 |
| 090 ## - LOCALLY ASSIGNED LC-TYPE CALL NUMBER (OCLC); LOCAL CALL NUMBER (RLIN) | |
| -- | 2008 |
| -- | 2008 |
| 100 1# - MAIN ENTRY--PERSONAL NAME | |
| Personal name | Locker, Kitty O. |
| 245 10 - TITLE STATEMENT | |
| Title | Business and administrative communication / |
| Statement of responsibility, etc. | Kitty O. Locker. |
| 260 ## - PUBLICATION, DISTRIBUTION, ETC. | |
| Place of publication, distribution, etc. | [S.l.] : |
| Name of publisher, distributor, etc. | McGraw Hill Higher Education, |
| Date of publication, distribution, etc. | 1999. |
| 300 ## - PHYSICAL DESCRIPTION | |
| Extent | 1 v. (unpaged) |
| 500 ## - GENERAL NOTE | |
| General note | Paperback. |
| 520 ## - SUMMARY, ETC. | |
| Summary, etc. | Donna Kienzler shares the same vision for the book and research philosophy as Kitty. She uses a student-friendly writing style and strong design element to hold student's attention. The ninth edition of Business and Communication by Donna Kienzler is a true leader in the business communication field. Beyond covering the broad scope of topics in both oral and written business communication, Locker's text uses a student-friendly writing style and strong design element to hold student's attention. Real-world examples and real business applications underscore the relevance and importance of the material presented to the classroom experience and to the students' careers. The 9th edition also conveys the best possible advice to students through its research base; the author's reputation as a contributor to this field of study lends an even greater element of "teachability" and relevance to this market- leading title. If schools stress critical thinking and professional development, show them this book. |
| 856 40 - ELECTRONIC LOCATION AND ACCESS | |
| Materials specified | Amazon.com |
| Uniform Resource Identifier | <a href="http://www.amazon.com/exec/obidos/ASIN/0071177221/chopaconline-20">http://www.amazon.com/exec/obidos/ASIN/0071177221/chopaconline-20</a> |
| 856 40 - ELECTRONIC LOCATION AND ACCESS | |
| Materials specified | Amazon customer reviews |
| Uniform Resource Identifier | <a href="http://www.chopac.org/cgi-bin/tools/azrev.pl?q=0071177221">http://www.chopac.org/cgi-bin/tools/azrev.pl?q=0071177221</a> |
| 942 ## - ADDED ENTRY ELEMENTS (KOHA) | |
| Institution code [OBSOLETE] | NBS |
| Koha item type | Book |
| Call number prefix | 651.7 LOC |
| Withdrawn status | Lost status | Damaged status | Not for loan | Permanent Location | Current Location | Date acquired | Total Checkouts | Full call number | Barcode | Date last seen | Price effective from | Koha item type | Date last checked out | Total Renewals | Checked out |
|---|---|---|---|---|---|---|---|---|---|---|---|---|---|---|---|
| Central Library (CL) | Central Library (CL) | 08/28/2013 | 651.7 LOC | NBS3450 | 08/28/2013 | 08/28/2013 | Book | ||||||||
| Central Library (CL) | Central Library (CL) | 08/28/2013 | 651.7 LOC | NBS3449 | 08/28/2013 | 08/28/2013 | Book | ||||||||
| Central Library (CL) | Central Library (CL) | 08/28/2013 | 1 | 651.7 LOC | NBS3447 | 11/20/2013 | 08/28/2013 | Book | 10/26/2013 | ||||||
| Central Library (CL) | Central Library (CL) | 08/28/2013 | 3 | 651.7 LOC | NBS3441 | 09/19/2019 | 08/28/2013 | Book | 09/19/2019 | 2 | 12/12/2019 | ||||
| Central Library (CL) | Central Library (CL) | 08/28/2013 | 651.7 LOC | NBS3444 | 08/28/2013 | 08/28/2013 | Book | ||||||||
| Central Library (CL) | Central Library (CL) | 08/28/2013 | 651.7 LOC | NBS3448 | 08/28/2013 | 08/28/2013 | Book | ||||||||
| Central Library (CL) | Central Library (CL) | 08/28/2013 | 651.7 LOC | NBS3446 | 08/28/2013 | 08/28/2013 | Book | ||||||||
| Central Library (CL) | Central Library (CL) | 08/28/2013 | 2 | 651.7 LOC | NBS3445 | 01/21/2015 | 08/28/2013 | Book | 09/17/2014 |
